Países que contienen la letra R - Estadísticas

Estadísticas generales
  • Esta prueba ha sido intentada 26 veces
  • La puntuación promedio es 82 de 91
Estadísticas de respuestas
País % Correcto
Grecia
100%
Noruega
100%
Rumanía
100%
Rusia
100%
Andorra
95%
Arabia Saudita
95%
Argentina
95%
Armenia
95%
Austria
95%
Bielorrusia
95%
Brasil
95%
Chipre
95%
Croacia
95%
Francia
95%
Hungría
95%
Irlanda
95%
Kirguistán
95%
Mauritania
95%
Nicaragua
95%
Níger
95%
Nigeria
95%
Reino Unido
95%
República Centroafricana
95%
República Checa
95%
República del Congo
95%
República Democrática del Congo
95%
República Dominicana
95%
Ruanda
95%
San Marino
95%
Serbia
95%
Turkmenistán
95%
Antigua y Barbuda
90%
Argelia
90%
Barbados
90%
Baréin
90%
Bulgaria
90%
Burkina Faso
90%
Burundi
90%
Corea del Norte
90%
Corea del Sur
90%
Costa de Marfil
90%
Costa Rica
90%
Ecuador
90%
Emiratos Árabes Unidos
90%
Estados Federados de Micronesia
90%
Georgia
90%
Guinea Ecuatorial
90%
Honduras
90%
Islas Marshall
90%
Israel
90%
Jordania
90%
Kiribati
90%
Liberia
90%
Luxemburgo
90%
Marruecos
90%
Mauricio
90%
Montenegro
90%
Paraguay
90%
Sierra Leona
90%
Singapur
90%
Sudáfrica
90%
Trinidad y Tobago
90%
Ucrania
90%
Uruguay
90%
Australia
86%
Azerbaiyán
86%
Bosnia y Herzegovina
86%
Brunéi
86%
Camerún
86%
Comoras
86%
Dinamarca
86%
Granada
86%
Macedonia del Norte
86%
Myanmar
86%
Sri Lanka
86%
Sudán del Sur
86%
Surinam
86%
Turquía
86%
Catar
81%
Eritrea
81%
Irán
81%
Nauru
81%
Perú
81%
San Cristóbal y Nieves
81%
Santo Tomé y Príncipe
81%
San Vicente y las Granadinas
81%
Siria
81%
Cabo Verde
76%
El Salvador
76%
Irak
76%
Timor Oriental
71%
No se encontraron pruebas coincidentes
Distribución de puntuación
Porcentaje de gente con cada puntuación
Porcentaje por número respondido
Historial de tus puntuaciones
No has intentado esta prueba.